| 000 | 00856nam a2200253Ia 4500 | ||
|---|---|---|---|
| 003 | OSt | ||
| 005 | 20220918170501.0 | ||
| 006 | a|||||r|||| 00| 0 | ||
| 007 | ta | ||
| 008 | 220917b |||||||| |||| 00| 0 eng d | ||
| 020 |
_a9780253003096 (hbk) _c5457.93 |
||
| 024 | _a280,987 | ||
| 037 |
_b7149, 07/03/2014, Efficient Book Distributors _cTextual |
||
| 040 |
_aARTS _cARTS _beng |
||
| 041 |
_2eng _aeng |
||
| 082 | _aJB:8.691, Q2 | ||
| 100 |
_aSodikoff Genese Marie _929312 |
||
| 245 | 0 |
_aForest and labour in madagascar _b From colonial concession to global biosphere |
|
| 260 |
_aBloomington _bIndiana University Press U.S.A _c2012 |
||
| 300 |
_axix, 245p. _ccm. |
||
| 650 |
_aAGRICULTURE _927 |
||
| 942 |
_hJB:8.691, Q2 _cTEXL _2CC |
||
| 999 |
_c134348 _d134348 |
||